000 00526pam a2200193 a 4500
020 _a9781582556802
_c2255.10
041 _aeng
_hNULL
082 _a615
_bHOL
100 _aBEERS M.F.
245 _aPHYSICIAN`S DRUG HAND BOOK /
_cNULL.
_hTextual Documents
250 _a12 ED /
_b.
260 _aNULL :
_bWOLTERS KLUWER/LIPPINCOTT WILLAMS & WILKINIS ,
_c2008.
300 _a1325 : :
_bXIV ; ;
_cA4 . +
_ePB.
365 _a2255.10
907 _a6024
930 _a2351
999 _c796886
_d796886
650 _aPHARMACOLOGY